| 000 | 00999nam a2200301 c 4500 | ||
|---|---|---|---|
| 003 | BLK | ||
| 005 | 20190913121152.0 | ||
| 008 | 180911b bul|||||r ||||||| ||bul|| | ||
| 010 | _a001765 | ||
| 040 | _aBLK | ||
| 041 | _aBUL | ||
| 080 | _z886.7-32 | ||
| 100 | 1 |
_aНЕМИРОВ, Добри _eпърви автор |
|
| 245 | 0 | 0 |
_aКогато бях малък _nКн. 2 |
| 246 |
_aРазкази за всички : Кн. 1-3 _pепос-романи |
||
| 260 |
_aСофия _bХемус _c1934 - 1943 _g1937 |
||
| 300 |
_a80 с _c19 см |
||
| 380 | _a82 | ||
| 490 |
_aЧастна колекция - Академик Михаил Арнаудов _gДарение - Основен фонд |
||
| 653 |
_9 _aепос |
||
| 653 |
_9 _aромани |
||
| 650 | _aПроза | ||
| 655 | _aбългарска литература | ||
| 700 | 1 | _aДобри Немиров | |
| 700 | 1 |
_aВадим Лазаркевич _e Худож. |
|
| 852 | _aМА 1802 | ||
| 942 |
_cKNG _n0 |
||
| 944 |
_aCR _c1996 _kValK |
||
| 999 |
_c342128 _d342128 |
||